Statistics for All FNAF Animatronics

Click here to take the quiz!

General Stats

  • This quiz has been taken 65 times
  • The average score is 42 of 53

Answer Stats

GameAnimatronic% Correct
1Bonnie
100%
1Freddy
100%
1Chica
97%
1Foxy
97%
1Golden Freddy
97%
2Mangle
97%
2Toy Chica
97%
2Toy Freddy
97%
2Withered Bonnie
97%
2Withered Chica
97%
2Withered Freddy
97%
2Toy Bonnie
94%
2Balloon Boy
91%
2Withered Foxy
91%
4Nightmare
89%
Sister locationBallora
86%
Sister locationFuntime Foxy
86%
Sister locationFuntime Freddy
86%
4Nightmare Bonnie
86%
4Nightmare Chica
86%
4Nightmare Foxy
86%
4Nightmare Freddy
86%
3Springtrap
86%
Sister locationCircus Baby
80%
Security BreachGlamrock Chica
80%
Security BreachGlamrock Freddy
80%
2Marrionette
80%
3Phantom Freddy
80%
2Shadow Bonnie
80%
2Shadow Freddy
80%
Sister locationEnnard
77%
4Nightmare Balloon Boy
77%
4Nightmare Fredbear
77%
3Phantom Chica
77%
4Plushtrap
77%
Security BreachVanny
77%
2JJ
74%
3Phantom Foxy
74%
3Phantom Balloon Boy
71%
Security BreachRoxanne Wolf
69%
Sister locationBon-Bon
66%
Help WantedGlitchtrap
66%
Pizzaria SimulatorLefty
66%
Security BreachMontgomery Gator
66%
Pizzaria SimulatorScrap Baby
63%
4Jack-o Bonnie
60%
4Jack-o Chica
60%
Pizzaria SimulatorMolten Freddy
57%
4Nightmarionne
57%
3Phantom Marionette
57%
Pizzaria SimulatorAfton
43%
Security BreachMusic Man
29%
4Nightmare Cupcake
26%

Score Distribution

Percentile by Number Answered

Percent of People with Each Score

Your Score History

You have not taken this quiz